| 000 | 00455nam a22001577a 4500 | ||
|---|---|---|---|
| 003 | OSt | ||
| 005 | 20260206151748.0 | ||
| 008 | 260206b |||||||| |||| 00| 0 eng d | ||
| 040 | _cMRSPTU | ||
| 041 | _aEnglish | ||
| 100 | _aHardeep Singh, Supervisor: Dr. Rakesh Kumar Singla | ||
| 245 | _aDisaster Management in Context of Floods | ||
| 650 | _aCivil Engineering | ||
| 856 | _uhttp://163.47.215.52:8080/jspui/handle/123456789/1081 | ||
| 942 |
_2ddc _cTH _n0 |
||
| 999 |
_c10859 _d10859 |
||